1977 1146 1685 1274 1501 1695 1673 1314 1675 1567 1783 1548 1320 1694 1547 1152 1368 1950 1374 1152 1860 1457 1911 1967 1987 1819 1804 1665 1342 1637 1545 1413 1089 1965 1585 1337 1965 1977 1565 1460 1478 1321 1647 1405 1345 1878 1832 1802 1653 1383 1885 1683 1515 1723 1604 1632 1462 1364 1939 1097 1811 1173 1266 1562 1743 1156 1667 1475 1500 1262 1381 1185 1848 1953 1318 1070 1024 1770 1219 1209 1278 1588 1205 1127 1260 1809 1284 1485 1543 1918 1487 1989 1231 1802 1091 1412 1377 1315 1062 BCNSPRNW ULIB Ver.6.0+V

เปลี่ยนเป็นภาษาไทย

Change to English
 แสดงรายละเอียดบรรณานุกรม
  กลับหน้าหลัก

Brief Record : Get Marc (ISO 2709) : E-mail record : QR code < ปิดหน้าต่าง
LEADER : 00000nam 2200000uu 4500
001    13399128056
003     ULIB
008    220202s||||||||th 000 0 tha d
020    ^a9786169307495
050    ^aนว.^bภ-ม
100    ^aภัสรสา
245    ^aมนตร์อัคคี
250    ^aพิมพ์ครั้งที่ 1
260    ^aกรุงเทพฯ :^bภัสรสา, บจก.,^c2563
300    ^a302 หน้า;^b21 ซม.
650    ^aนวนิยาย
945    ^p295^l0^i29201
999    ^aกัณชพร จุลอักษร
รายการนี้ยังไม่มีแท็ก
คุณยังไม่ได้ล็อกอิน คุณสามารถมีกิจกรรมร่วมกับเว็บไซต์ได้ แต่ต้องล็อกอินก่อน ::
  ล็อกอิน

รายการสื่อสารสนเทศ

ลำดับที่ ประเภท เลขเรียก/บาร์โค้ด สถานที่ สถานะ
1. วิทยาศาสตร์การแพทย์ และสุขภาพ
วิทยาศาสตร์การแพทย์ และสุขภาพ
นว. ภ-ม ฉ.1 
  Barcode: 29201
ห้องสมุดวิทยาเขตนครสวรรค์
►นวนิยาย:l:Fiction
บนชั้น

รายการใกล้เคียง
    ชื่อเรื่อง [มนตร์อัคคี]

    ผู้แต่ง [ภัสรสา]

    หัวเรื่อง [นวนิยาย]

BibComment


ยังไม่เคยถูกคอมเมนท์

คอมเมนท์ทรัพยากรรายการนี้
  คอมเมนท์: มนตร์อัคคี


 Copyright 2026. Bcnsprnw @Library